| 000 | 00646nam a2200217 a 4500 | ||
|---|---|---|---|
| 999 |
_c1661 _d1661 |
||
| 001 | 1661 | ||
| 003 | BD-JhCC | ||
| 005 | 20171023091916.0 | ||
| 008 | 171023s ii |||| ||a| 000 0 ben d | ||
| 035 | _a(BD-JhCC)1661 | ||
| 040 |
_aBD-JhCC _dBD-JhCC |
||
| 041 | _aben | ||
| 082 |
_a891.4409 _bGHO |
||
| 100 | _aঘোষ, ভোলানাথ | ||
| 245 |
_aছন্দ ও অলঙ্কার / _cভোলানাথ ঘোষ, |
||
| 260 |
_aকলিকাতা : _bএস. ব্যানার্জী এণ্ড কোং, |
||
| 300 |
_a136 p. : _c20 cm. |
||
| 650 | _aBengali Literature | ||
| 942 |
_2ddc _cBK |
||